<?xml version="1.0" encoding="UTF-8"?>
<record
    xmlns:xsi="http://www.w3.org/2001/XMLSchema-instance"
    xsi:schemaLocation="http://www.loc.gov/MARC21/slim http://www.loc.gov/standards/marcxml/schema/MARC21slim.xsd"
    xmlns="http://www.loc.gov/MARC21/slim">

  <leader>01430cam a2200253 i 4500</leader>
  <datafield tag="999" ind1=" " ind2=" ">
    <subfield code="c">57913</subfield>
    <subfield code="d">57913</subfield>
  </datafield>
  <controlfield tag="001">18174969</controlfield>
  <controlfield tag="005">20210331145455.0</controlfield>
  <controlfield tag="008">140603s2014    nyua     b    001 0 eng  </controlfield>
  <datafield tag="020" ind1=" " ind2=" ">
    <subfield code="a">9780891284987 (pbk. : alk. paper)</subfield>
  </datafield>
  <datafield tag="041" ind1=" " ind2=" ">
    <subfield code="a">eng</subfield>
  </datafield>
  <datafield tag="080" ind1=" " ind2=" ">
    <subfield code="a">376.32 E-18</subfield>
  </datafield>
  <datafield tag="245" ind1="0" ind2="0">
    <subfield code="a">ECC essentials :</subfield>
    <subfield code="b">teaching the expanded core curriculum to students with visual impairments /</subfield>
    <subfield code="c">Carol B. Allman and Sandra Lewis, Editors ; Susan J. Spungin, Consulting Editor.</subfield>
  </datafield>
  <datafield tag="264" ind1=" " ind2="0">
    <subfield code="a">New York, NY :</subfield>
    <subfield code="b">AFB Press,  </subfield>
    <subfield code="c">2014.</subfield>
  </datafield>
  <datafield tag="300" ind1=" " ind2=" ">
    <subfield code="a">638 pages :</subfield>
    <subfield code="b">illustrations ;</subfield>
    <subfield code="c">28 cm.</subfield>
  </datafield>
  <datafield tag="650" ind1=" " ind2="0">
    <subfield code="a">Children with visual disabilities</subfield>
    <subfield code="x">Education</subfield>
    <subfield code="x">Curricula</subfield>
    <subfield code="z">United States.</subfield>
    <subfield code="9">10921</subfield>
  </datafield>
  <datafield tag="650" ind1=" " ind2="0">
    <subfield code="a">Teachers of the blind</subfield>
    <subfield code="z">United States</subfield>
    <subfield code="v">Handbooks, manuals, etc.</subfield>
    <subfield code="9">10922</subfield>
  </datafield>
  <datafield tag="653" ind1=" " ind2=" ">
    <subfield code="a">&#x10D2;&#x10D0;&#x10E4;&#x10D0;&#x10E0;&#x10D7;&#x10DD;&#x10D4;&#x10D1;&#x10E3;&#x10DA;&#x10D8; &#x10EB;&#x10D8;&#x10E0;&#x10D8;&#x10D7;&#x10D0;&#x10D3;&#x10D8; &#x10E1;&#x10D0;&#x10E1;&#x10EC;&#x10D0;&#x10D5;&#x10DA;&#x10DD; &#x10D2;&#x10D4;&#x10D2;&#x10DB;&#x10D8;&#x10E1; &#x10E1;&#x10EC;&#x10D0;&#x10D5;&#x10DA;&#x10D4;&#x10D1;&#x10D0; &#x10D5;&#x10D8;&#x10D6;&#x10E3;&#x10D0;&#x10DA;&#x10E3;&#x10E0;&#x10D8; &#x10D2;&#x10D0;&#x10E3;&#x10E4;&#x10D0;&#x10E1;&#x10E3;&#x10E0;&#x10D4;&#x10D1;&#x10D8;&#x10E1; &#x10DB;&#x10E5;&#x10DD;&#x10DC;&#x10D4; &#x10E1;&#x10E2;&#x10E3;&#x10D3;&#x10D4;&#x10DC;&#x10E2;&#x10D4;&#x10D1;&#x10D8;&#x10E1;&#x10D7;&#x10D5;&#x10D8;&#x10E1;</subfield>
  </datafield>
  <datafield tag="653" ind1=" " ind2=" ">
    <subfield code="a">&#x10E3;&#x10E1;&#x10D8;&#x10DC;&#x10D0;&#x10D7;&#x10DA;&#x10DD;&#x10D7;&#x10D0; &#x10DB;&#x10D0;&#x10E1;&#x10EC;&#x10D0;&#x10D5;&#x10DA;&#x10D4;&#x10D1;&#x10DA;&#x10D4;&#x10D1;&#x10D8;</subfield>
  </datafield>
  <datafield tag="653" ind1=" " ind2=" ">
    <subfield code="a">&#x10DE;&#x10D4;&#x10D3;&#x10D0;&#x10D2;&#x10DD;&#x10D2;&#x10D8;&#x10D9;&#x10D0;</subfield>
  </datafield>
  <datafield tag="700" ind1="1" ind2=" ">
    <subfield code="a">Allman, Carol B.</subfield>
    <subfield code="e">&#x10E0;&#x10D4;&#x10D3;&#x10D0;&#x10E5;&#x10E2;&#x10DD;&#x10E0;&#x10D8;</subfield>
    <subfield code="9">10923</subfield>
  </datafield>
  <datafield tag="700" ind1="1" ind2=" ">
    <subfield code="a">Spungin, Susan J. </subfield>
    <subfield code="e">&#x10E0;&#x10D4;&#x10D3;&#x10D0;&#x10E5;&#x10E2;&#x10DD;&#x10E0;&#x10D8;</subfield>
    <subfield code="9">10924</subfield>
  </datafield>
  <datafield tag="942" ind1=" " ind2=" ">
    <subfield code="2">udc</subfield>
    <subfield code="c">BK</subfield>
  </datafield>
  <datafield tag="955" ind1=" " ind2=" ">
    <subfield code="b">rf11 2014-06-03</subfield>
    <subfield code="i">rf11 2014-06-03 to SL</subfield>
    <subfield code="a">xn05 2014-09-05 1 copy rec'd., to CIP ver.</subfield>
    <subfield code="a">rl00 2014-09-11 to SMA;</subfield>
  </datafield>
  <datafield tag="952" ind1=" " ind2=" ">
    <subfield code="0">0</subfield>
    <subfield code="1">0</subfield>
    <subfield code="2">udc</subfield>
    <subfield code="4">0</subfield>
    <subfield code="6">37632_E18</subfield>
    <subfield code="7">0</subfield>
    <subfield code="9">90021</subfield>
    <subfield code="a">CPL</subfield>
    <subfield code="b">CPL</subfield>
    <subfield code="c">GEN</subfield>
    <subfield code="d">2021-03-31</subfield>
    <subfield code="g">257.00</subfield>
    <subfield code="o">376.32 E-18</subfield>
    <subfield code="p">61289</subfield>
    <subfield code="r">2021-03-31</subfield>
    <subfield code="t">61289</subfield>
    <subfield code="w">2021-03-31</subfield>
    <subfield code="y">BK</subfield>
    <subfield code="z">257 &#x10DA;.</subfield>
  </datafield>
</record>
